| 000 | 00627nam a2200205Ia 4500 | ||
|---|---|---|---|
| 003 | GCL | ||
| 008 | 140319s9999 xx 000 0 ara d | ||
| 040 |
_aGCL / _cGCL |
||
| 082 | 0 | 4 |
_a811.1 _bى م |
| 100 | 1 | _aيحيى الجبورى | |
| 245 | 1 | 0 |
_aالملابس العربية فى الشعر الجاهلى . / _cيحيى الجبورى |
| 260 |
_a[S.N] : _bدار الغرب الاسلامى ، _c1989 |
||
| 300 | _a452 ص | ||
| 490 | _a | ||
| 650 | 0 | 4 | _aالشعر العربى |
| 650 | 0 | 4 | _aالادب العربى |
| 650 | 0 | 4 | _aالعصر الجاهلى |
| 650 | 0 | 4 | _aدواوين وقصائد |
| 942 |
_2ddc _cBK |
||
| 999 |
_c35057 _d35057 |
||